| 000 | 00000nam 2200000zi 4500 |
| 001 | 9.900019 |
| 003 | CaOODSP |
| 005 | 20230109075817 |
| 006 | m o d f |
| 007 | cr cn||||||||| |
| 008 | 210520e202105##onca o f000 0 eng d |
| 020 | |a9780660389745 |
| 040 | |aCaOODSP|beng|erda|cCaOODSP |
| 043 | |an-cn--- |
| 086 | 1 |aD97-1/40-003-2021E-PDF |
| 245 | 00|aDeveloping your incident response plan. |
| 264 | 1|a[Ottawa] : |bCommunications Security Establishment = Centre de la sécurité des télécommunications, |cMay 2021. |
| 300 | |a1 online resource (2 unnumbered pages) : |billustrations. |
| 336 | |atext|btxt|2rdacontent |
| 337 | |acomputer|bc|2rdamedia |
| 338 | |aonline resource|bcr|2rdacarrier |
| 490 | 1 |a[Awareness series] ; |vITSAP.40.003 |
| 500 | |aCaption title. |
| 500 | |a"Unclassified." |
| 500 | |aIssued also in HTML format. |
| 500 | |aIssued also in French under title: Élaborer un plan d'intervention en cas d'incident. |
| 500 | |aAt head of title: Canadian Centre for Cyber Security. |
| 520 | |a"Your incident response plan includes the processes, procedures, and documentation related to how your organization detects, responds to, and recovers from incidents. Cyber threats, natural disasters, and unplanned outages are examples of incidents that will impact your network, systems, and devices. When you have a proper plan, you will be prepared to handle incidents when they happen, mitigate the threats and associated risks, and recover quickly"--Page [1]. |
| 650 | 0|aEmergency management|zCanada. |
| 650 | 0|aComputer security|zCanada. |
| 710 | 2 |aCanadian Centre for Cyber Security, |eissuing body. |
| 775 | 08|tÉlaborer un plan d'intervention en cas d'incident.|w(CaOODSP)9.900020 |
| 830 | #0|aAwareness series (Communications Security Establishment (Canada))|vITSAP.40.003.|w(CaOODSP)9.842810 |
| 856 | 40|qPDF|s283 KB|uhttps://publications.gc.ca/collections/collection_2021/cstc-csec/D97-1-40-003-2021-eng.pdf |
| 856 | 4 |qHTML|sN/A|uhttps://cyber.gc.ca/en/guidance/developing-your-incident-response-plan-itsap40003 |